| 000 | 00839nam a2200265Ia 4500 | ||
|---|---|---|---|
| 003 | OSt | ||
| 005 | 20240507143329.0 | ||
| 008 | 210210b2011 xxu||||| |||| 00| 0 eng d | ||
| 020 | _a9789380760049 | ||
| 040 | _cAL | ||
| 041 | _aHindi | ||
| 082 | _aH891.9 SONA | ||
| 100 |
_aSONTAKKE (Madhav) _dमाधव सोनटक्की _9163621 |
||
| 245 |
_aAlochana ka badalta pariprekshy _bआलोचना का बदलता परिप्रेक्ष्य |
||
| 260 |
_aKanpur _bAtul Prakashan _c2011 |
||
| 300 | _a112 | ||
| 650 |
_apariprekshy _9163622 |
||
| 650 |
_aka _9163623 |
||
| 650 |
_abadalta _9163624 |
||
| 650 |
_aAlochana _9163625 |
||
| 690 |
_aHindi Criticism _9163626 |
||
| 700 |
_aPATIL (HANMANTRAV) _dहनुमंता राव पाटील _9163627 |
||
| 906 | _a071584 | ||
| 942 |
_2ddc _cBK |
||
| 999 |
_c121374 _d121374 |
||